<?xml version="1.0" encoding="UTF-8"?>
<record
    xmlns:xsi="http://www.w3.org/2001/XMLSchema-instance"
    xsi:schemaLocation="http://www.loc.gov/MARC21/slim http://www.loc.gov/standards/marcxml/schema/MARC21slim.xsd"
    xmlns="http://www.loc.gov/MARC21/slim">

  <leader>01785nam a22002537a 4500</leader>
  <datafield tag="999" ind1=" " ind2=" ">
    <subfield code="c">61888</subfield>
    <subfield code="d">61888</subfield>
  </datafield>
  <controlfield tag="003">Ge_BSU</controlfield>
  <controlfield tag="005">20240603170101.0</controlfield>
  <controlfield tag="008">240603s2024    ge ||||| |||| 00| 0 geo d</controlfield>
  <datafield tag="041" ind1=" " ind2=" ">
    <subfield code="a">geo</subfield>
  </datafield>
  <datafield tag="080" ind1=" " ind2=" ">
    <subfield code="a">061.213-055.1/.3(479.22) &#x10DA;-81</subfield>
  </datafield>
  <datafield tag="100" ind1=" " ind2=" ">
    <subfield code="a">&#x10DA;&#x10DD;&#x10DB;&#x10D0;&#x10EB;&#x10D4;, &#x10E8;&#x10DD;&#x10E0;&#x10D4;&#x10DC;&#x10D0;</subfield>
    <subfield code="9">22297</subfield>
  </datafield>
  <datafield tag="245" ind1=" " ind2=" ">
    <subfield code="a">&#x10D0;&#x10E6;&#x10DB;&#x10DD;&#x10D0;&#x10E9;&#x10D8;&#x10DC;&#x10D4; &#x10E8;&#x10D4;&#x10DC;&#x10D8; &#x10D2;&#x10D6;&#x10D0; &#x10E1;&#x10D9;&#x10D0;&#x10E3;&#x10E2;&#x10D8;&#x10DC;&#x10D2;&#x10E8;&#x10D8; = Fing your way in scouting /</subfield>
    <subfield code="c">&#x10E8;&#x10D4;&#x10DB;&#x10D3;&#x10D2;&#x10D4;&#x10DC;&#x10D4;&#x10DA;&#x10D8; &#x10E8;&#x10DD;&#x10E0;&#x10D4;&#x10DC;&#x10D0; &#x10DA;&#x10DD;&#x10DB;&#x10D0;&#x10EB;&#x10D4; ; &#x10EC;&#x10D8;&#x10D2;&#x10DC;&#x10D6;&#x10D4; &#x10DB;&#x10E3;&#x10E8;&#x10D0;&#x10DD;&#x10D1;&#x10D3;&#x10DC;&#x10D4;&#x10DC;: &#x10DA;&#x10D8;&#x10DA;&#x10D4; &#x10D9;&#x10DD;&#x10DC;&#x10EA;&#x10D4;&#x10DA;&#x10D8;&#x10EB;&#x10D4;, &#x10DC;&#x10D0;&#x10D7;&#x10D8;&#x10D0; &#x10D2;&#x10D4;&#x10D2;&#x10E3;&#x10E9;&#x10D0;&#x10EB;&#x10D4;, &#x10DB;&#x10D0;&#x10D8;&#x10D9;&#x10DD; &#x10D1;&#x10D4;&#x10E0;&#x10D8;&#x10EB;&#x10D4;, &#x10E1;&#x10DD;&#x10E4;&#x10D8;&#x10DD; &#x10D1;&#x10E3;&#x10E0;&#x10DC;&#x10D0;&#x10EB;&#x10D4;.</subfield>
  </datafield>
  <datafield tag="264" ind1=" " ind2=" ">
    <subfield code="a">&#x10D1;&#x10D0;&#x10D7;&#x10E3;&#x10DB;&#x10D8; : </subfield>
    <subfield code="b">&#x10E1;&#x10D0;&#x10E5;&#x10D0;&#x10E0;&#x10D7;&#x10D5;&#x10D4;&#x10DA;&#x10DD;&#x10E1; &#x10E1;&#x10D9;&#x10D0;&#x10E3;&#x10E2;&#x10E3;&#x10E0;&#x10D8; &#x10DB;&#x10DD;&#x10EB;&#x10E0;&#x10D0;&#x10DD;&#x10D1;&#x10D8;&#x10E1; &#x10D0;&#x10ED;&#x10D0;&#x10E0;&#x10D8;&#x10E1; &#x10DD;&#x10E0;&#x10D2;&#x10D0;&#x10DC;&#x10D8;&#x10D6;&#x10D0;&#x10EA;&#x10D8;&#x10D0;,</subfield>
    <subfield code="c"> 2021.</subfield>
  </datafield>
  <datafield tag="300" ind1=" " ind2=" ">
    <subfield code="a">124 &#x10D2;&#x10D5;. : </subfield>
    <subfield code="b">&#x10D8;&#x10DA;. ; </subfield>
    <subfield code="c">21 &#x10E1;&#x10DB;.</subfield>
  </datafield>
  <datafield tag="500" ind1=" " ind2=" ">
    <subfield code="a">&#x10D2;&#x10D0;&#x10E0;&#x10D4;&#x10D9;&#x10D0;&#x10DC;&#x10D8; &#x10D3;&#x10D0; &#x10D7;&#x10D0;&#x10D5;&#x10E4;&#x10E3;&#x10E0;&#x10EA;&#x10D4;&#x10DA;&#x10D8; &#x10E5;&#x10D0;&#x10E0;&#x10D7;&#x10E3;&#x10DA; &#x10D3;&#x10D0; &#x10D8;&#x10DC;&#x10D2;&#x10DA;&#x10D8;&#x10E1;&#x10E3;&#x10E0; &#x10D4;&#x10DC;&#x10D4;&#x10D1;&#x10D6;&#x10D4;, &#x10E2;&#x10D4;&#x10E5;&#x10E1;&#x10E2;&#x10D8;&#x10E1; &#x10DC;&#x10D0;&#x10EC;&#x10D8;&#x10DA;&#x10D8; &#x10D8;&#x10DC;&#x10D2;&#x10DA;&#x10D8;&#x10E1;&#x10E3;&#x10E0; &#x10D4;&#x10DC;&#x10D0;&#x10D6;&#x10D4;.</subfield>
  </datafield>
  <datafield tag="653" ind1=" " ind2=" ">
    <subfield code="a">&#x10E1;&#x10D9;&#x10D0;&#x10E3;&#x10E2;&#x10D4;&#x10E0;&#x10D8;&#x10E1; &#x10DB;&#x10DD;&#x10EB;&#x10E0;&#x10D0;&#x10DD;&#x10D1;&#x10D0; &#x10E1;&#x10D0;&#x10E5;&#x10D0;&#x10E0;&#x10D7;&#x10D5;&#x10D4;&#x10DA;&#x10DD;&#x10E8;&#x10D8;</subfield>
  </datafield>
  <datafield tag="700" ind1=" " ind2=" ">
    <subfield code="a">&#x10D1;&#x10DD;&#x10DA;&#x10E5;&#x10D5;&#x10D0;&#x10EB;&#x10D4;, &#x10D0;&#x10DC;&#x10D0; </subfield>
    <subfield code="e">&#x10D8;&#x10DA;&#x10E3;&#x10E1;&#x10E2;&#x10E0;&#x10D0;&#x10E2;&#x10DD;&#x10E0;&#x10D8;.</subfield>
    <subfield code="9">22298</subfield>
  </datafield>
  <datafield tag="700" ind1=" " ind2=" ">
    <subfield code="a">&#x10D9;&#x10DD;&#x10DC;&#x10EA;&#x10D4;&#x10DA;&#x10D8;&#x10EB;&#x10D4;, &#x10DA;&#x10D8;&#x10DA;&#x10D4;</subfield>
    <subfield code="e">&#x10D0;&#x10D5;&#x10E2;&#x10DD;&#x10E0;&#x10D8;</subfield>
    <subfield code="9">22299</subfield>
  </datafield>
  <datafield tag="700" ind1=" " ind2=" ">
    <subfield code="a">&#x10D2;&#x10D4;&#x10D2;&#x10E3;&#x10E9;&#x10D0;&#x10EB;&#x10D4;, &#x10DC;&#x10D0;&#x10D7;&#x10D8;&#x10D0;</subfield>
    <subfield code="e">&#x10D0;&#x10D5;&#x10E2;&#x10DD;&#x10E0;&#x10D8;</subfield>
    <subfield code="9">22300</subfield>
  </datafield>
  <datafield tag="700" ind1=" " ind2=" ">
    <subfield code="a">&#x10D1;&#x10D4;&#x10E0;&#x10D8;&#x10EB;&#x10D4;, &#x10DB;&#x10D0;&#x10D8;&#x10D9;&#x10DD;.</subfield>
    <subfield code="e">&#x10D0;&#x10D5;&#x10E2;&#x10DD;&#x10E0;&#x10D8;</subfield>
    <subfield code="9">22301</subfield>
  </datafield>
  <datafield tag="710" ind1=" " ind2=" ">
    <subfield code="a">&#x10D1;&#x10E3;&#x10E0;&#x10DC;&#x10D0;&#x10EB;&#x10D4;, &#x10E1;&#x10DD;&#x10E4;&#x10D8;&#x10DD;.</subfield>
    <subfield code="b">&#x10D0;&#x10D5;&#x10E2;&#x10DD;&#x10E0;&#x10D8;</subfield>
    <subfield code="9">22302</subfield>
  </datafield>
  <datafield tag="773" ind1=" " ind2=" ">
    <subfield code="t">&#x10DC;&#x10D0;&#x10E9;&#x10E3;&#x10E5;&#x10D0;&#x10E0;&#x10D8;</subfield>
  </datafield>
  <datafield tag="942" ind1=" " ind2=" ">
    <subfield code="2">udc</subfield>
    <subfield code="c">&#x1CAC;&#x1C98;&#x1C92;&#x1C9C;&#x1C98;</subfield>
  </datafield>
  <datafield tag="952" ind1=" " ind2=" ">
    <subfield code="0">0</subfield>
    <subfield code="1">0</subfield>
    <subfield code="2">udc</subfield>
    <subfield code="4">0</subfield>
    <subfield code="6">0612130551347922_&#x10DA;81</subfield>
    <subfield code="7">0</subfield>
    <subfield code="9">99039</subfield>
    <subfield code="a">CPL</subfield>
    <subfield code="b">CPL</subfield>
    <subfield code="c">GEN</subfield>
    <subfield code="d">2024-06-03</subfield>
    <subfield code="g">7.00</subfield>
    <subfield code="o">061.213-055.1/.3(479.22) &#x10DA;-81</subfield>
    <subfield code="p">65955</subfield>
    <subfield code="r">2024-06-03</subfield>
    <subfield code="t">65955</subfield>
    <subfield code="w">2024-06-03</subfield>
    <subfield code="y">&#x1CAC;&#x1C98;&#x1C92;&#x1C9C;&#x1C98;</subfield>
    <subfield code="z">7 &#x10DA;.</subfield>
  </datafield>
</record>
